La repressione criminale nell'esperienza romana: profili

Enregistré dans:
Détails bibliographiques
Auteur principal: Giuffrè, Vincenzo (Auteur)
Format: Livre
Langue:italien
Publié: Nápoles Jovene 1998
Édition:5a. ed
Sujets:
Tags: Ajouter un tag
Pas de tags, Soyez le premier à ajouter un tag!

MARC

LEADER 00000nam a2200000 a 4500
001 UCO0427
003 CL-VaPUC
008 000420e19980000IT |||||||||||||||||ita|d
082 0 4 |a 340.54  |b GIU  |2 21 
100 |a Giuffrè, Vincenzo  |e author  |9 592984 
245 1 3 |a La repressione criminale nell'esperienza romana: profili 
250 |a 5a. ed 
300 |a 237 p 
942 |c BK 
945 |d 20000420 00:00:00  |a vberengu 
260 |a Nápoles  |b Jovene  |c 1998 
650 0 |a Derecho justiniano  |9 397596 
650 7 |a DERECHO PENAL  |2 CL-VaPUC  |9 11 
650 7 |a MAGISTRATURA  |2 CL-VaPUC  |9 387327 
650 0 |a Penas   |9 255927 
650 0 |a Procedimiento penal  |9 254974 
583 |a last modification  |c 20000420 00:00:00  |k Rodrigo Vera 
999 |c 287134  |d 287132 
952 |0 0  |1 0  |4 0  |6 340_540000000000000_GIU_1998  |7 0  |8 DER_ROM  |9 333568  |a BIBDER  |b BIBDER  |d 2019-11-20  |i 3577244  |o 340.54 GIU 1998  |p 3577244  |r 2023-01-25  |w 2019-11-20  |x Ubicación 4to piso  |y BK  |z Este recurso debe solicitarse con anticipación  |k DER